[Event "2. Bundesliga Mitte 2011/12"]
[Site "Graz"]
[Date "2011.12.04"]
[Round "6"]
[Board "3"]
[White "Danner, Georg"]
[Black "Karner, Christoph"]
[Result "1-0"]
[WhiteElo "2408"]
[BlackElo "2381"]
[PlyCount "106"]
[EventDate "2011.10.21"]
[EventType "team"]
[EventRounds "11"]
[EventCountry "AUT"]
[WhiteTeam "Union Styria Graz Kleine Zeitung"]
[BlackTeam "ESV Austria Graz"]

1. d4 d6 2. Nf3 Bg4 3. e4 Nf6 4. Nc3 e6 5. h3 Bh5 6. Qe2 a6 7. g4 Bg6 8. h4 h5
9. g5 Nfd7 10. Be3 Be7 11. O-O-O b5 12. Nd2 Nb6 13. Bg2 b4 14. Ncb1 d5 15. f4
c6 16. Rhf1 dxe4 17. Nxe4 Nd5 18. Ng3 Nd7 19. f5 Bxf5 20. Nxf5 exf5 21. Bxd5
cxd5 22. Rxf5 g6 23. Rxd5 O-O 24. Bf4 Ra7 25. Re1 Qa8 26. Qe4 Rc8 27. Ra5 Qxe4
28. Rxe4 Kf8 29. a3 Nb6 30. axb4 Bxb4 31. Ra2 a5 32. c3 a4 33. Kd2 Be7 34. Kd3
Nd5 35. Bd2 Nb6 36. Be3 Nc4 37. Nd2 Nd6 38. Re5 Nf5 39. Bf2 f6 40. gxf6 Bxf6
41. Re4 Be7 42. Nf3 Rb7 43. Re2 a3 44. b4 Ra7 45. Ne5 Kg7 46. d5 Ra4 47. Nc4
Bxb4 48. cxb4 Rxb4 49. Re4 Rb3+ 50. Ke2 Rc3 51. d6 R3xc4 52. Rxc4 Rxc4 53. d7
Rd4 1-0

[Event "2. Bundesliga Mitte 2011/12"]
[Site "Graz"]
[Date "2011.12.04"]
[Round "6"]
[Board "4"]
[White "Aschenbrenner, Robert"]
[Black "Wittmann, Walter"]
[Result "1-0"]
[WhiteElo "2270"]
[BlackElo "2300"]
[PlyCount "81"]
[EventDate "2011.10.21"]
[EventType "team"]
[EventRounds "11"]
[EventCountry "AUT"]
[WhiteTeam "ESV Austria Graz"]
[BlackTeam "Union Styria Graz Kleine Zeitung"]

1. d4 d5 2. Nf3 Nf6 3. e3 g6 4. c4 Bg7 5. cxd5 O-O 6. a4 a5 7. Bb5 Na6 8. O-O
Nb4 9. Bd2 Nbxd5 10. Qe1 c5 11. e4 Nb4 12. Bxb4 cxb4 13. Nbd2 Ne8 14. Qe3 Nd6
15. Bd3 Bd7 16. Qe2 Qb6 17. e5 Nf5 18. Nb3 Bc6 19. Be4 Rfd8 20. Rfd1 Bd5 21.
Bxd5 Rxd5 22. g4 Nh6 23. h3 Rad8 24. Rac1 f5 25. Ng5 fxg4 26. hxg4 Nf7 27. Nxf7
Kxf7 28. Kg2 Bh6 29. Rc5 Qe6 30. Qf3+ Kg8 31. Rxd5 Qxd5 32. Qxd5+ Rxd5 33. Kf3
e6 34. Ke4 Bf8 35. Rc1 b5 36. axb5 a4 37. Nc5 a3 38. bxa3 bxa3 39. b6 a2 40. b7
Rd8 41. Na6 1-0

[Event "2. Bundesliga Mitte 2011/12"]
[Site "Graz"]
[Date "2011.12.04"]
[Round "6"]
[Board "5"]
[White "Manhardt, Thomas"]
[Black "Fahrner, Kurt"]
[Result "0-1"]
[WhiteElo "2148"]
[BlackElo "2319"]
[PlyCount "96"]
[EventDate "2011.10.21"]
[EventType "team"]
[EventRounds "11"]
[EventCountry "AUT"]
[WhiteTeam "Union Styria Graz Kleine Zeitung"]
[BlackTeam "ESV Austria Graz"]

1. e4 d5 2. exd5 Nf6 3. Bb5+ Nbd7 4. c4 g6 5. Nf3 Bg7 6. d4 O-O 7. O-O Nb6 8.
Ne5 a6 9. Ba4 Nxc4 10. Nxc4 b5 11. Ne5 bxa4 12. Nc6 Qd6 13. Nc3 e6 14. Qf3 Nxd5
15. Nxd5 exd5 16. Qxd5 Bd7 17. Qxd6 cxd6 18. Ne7+ Kh8 19. Be3 Rfb8 20. Rfb1 Rb5
21. Rc1 Re8 22. Nc6 Rxb2 23. Na5 d5 24. Rc7 Be6 25. h3 h6 26. Nb7 Rc8 27. Rxc8+
Bxc8 28. Nc5 a3 29. Nd3 Rb5 30. Rc1 Bf5 31. Rc3 Bxd3 32. Rxd3 Bf8 33. Bc1 Rb1
34. Rc3 Bb4 35. Rc8+ Kg7 36. Kh2 g5 37. h4 gxh4 38. Rc6 Rb2 39. Bxh6+ Kh7 40.
Rxa6 Rxf2 41. Rb6 Be7 42. Ra6 Rxa2 43. Bf4 Rf2 44. Ra7 a2 45. Be3 Re2 46. Bf4
Kg6 47. Kh3 Bb4 48. g4 hxg3 0-1

[Event "2. Bundesliga Mitte 2011/12"]
[Site "Graz"]
[Date "2011.12.04"]
[Round "6"]
[Board "6"]
[White "Spindelboeck, Gernot"]
[Black "Stagl, Marco"]
[Result "1/2-1/2"]
[WhiteElo "2235"]
[BlackElo "2124"]
[PlyCount "82"]
[EventDate "2011.10.21"]
[EventType "team"]
[EventRounds "11"]
[EventCountry "AUT"]
[WhiteTeam "ESV Austria Graz"]
[BlackTeam "Union Styria Graz Kleine Zeitung"]

1. d4 d5 2. c4 c6 3. Nf3 Nf6 4. Nc3 dxc4 5. a4 Bf5 6. Nh4 Bd7 7. g3 e6 8. Bg2
c5 9. d5 exd5 10. Nxd5 Nc6 11. O-O Nxd5 12. Qxd5 Be6 13. Qh5 Be7 14. Nf5 Bf6
15. Bxc6+ bxc6 16. Qf3 O-O 17. e4 Qb6 18. Qf4 c3 19. bxc3 Bxc3 20. Ra3 Bd4 21.
e5 Bxf5 22. Qxf5 Rfe8 23. Bf4 c4 24. Rf3 c5 25. Rb1 Qc6 26. Kg2 Rad8 27. a5 Rd7
28. h4 Bc3 29. a6 g6 30. Qg5 Rd3 31. Be3 Rxe5 32. Rb8+ Re8 33. Rb7 Rf8 34. Qxc5
Qxa6 35. Bh6 Bg7 36. Rxa7 Qe6 37. Bxg7 Kxg7 38. Rxd3 cxd3 39. Qd4+ Kg8 40. Qxd3
Qc6+ 41. Qf3 Qxf3+ 1/2-1/2

[Event "2. Bundesliga Mitte 2011/12"]
[Site "Steyregg"]
[Date "2011.12.04"]
[Round "6"]
[Board "1"]
[White "Kilgus, Georg"]
[Black "Gergacz, Attila"]
[Result "0-1"]
[WhiteElo "2427"]
[BlackElo "2426"]
[PlyCount "138"]
[EventDate "2011.10.21"]
[EventType "team"]
[EventRounds "11"]
[EventCountry "AUT"]
[WhiteTeam "SpG. Spark. Grieskirchen/Schallerb."]
[BlackTeam "SV Steyregg"]

1. Nf3 b6 2. g3 Bb7 3. Bg2 e6 4. c4 f5 5. O-O Nf6 6. Nc3 Bd6 7. d3 O-O 8. e4
fxe4 9. Ng5 Be7 10. Be3 Bc6 11. d4 h6 12. d5 exd5 13. cxd5 Nxd5 14. Nxd5 Bxg5
15. Bxg5 Qxg5 16. Nxc7 Qe5 17. Nxa8 Bxa8 18. Qb3+ Kh8 19. Qc3 Nc6 20. Rfe1 Qxc3
21. bxc3 Ne5 22. f4 Nc4 23. Re2 d5 24. Rc1 Kh7 25. Bh3 Rf6 26. Bd7 Rd6 27. Ba4
Kg6 28. Bb3 Rc6 29. Rd1 Rc5 30. Bxc4 Rxc4 31. Re3 Ra4 32. Rd2 b5 33. g4 a5 34.
Rb2 Bc6 35. Kf2 Kf6 36. Rg3 g5 37. Ke3 Rc4 38. fxg5+ Kxg5 39. Kd2 Bd7 40. a3
Kf4 41. Rb1 b4 42. axb4 axb4 43. cxb4 d4 44. b5 Bc8 45. Rf1+ Ke5 46. Rf8 e3+
47. Kd1 Ke4 48. Re8+ Kd3 49. h4 Bd7 50. Re5 Rb4 51. Kc1 Bxb5 52. g5 Bc4 53. Rg2
hxg5 54. hxg5 Ra4 55. Kb1 Kc3 56. Rc2+ Kb4 57. Rb2+ Kc3 58. Rc2+ Kb4 59. Rb2+
Ka3 60. Kc1 Bd3 61. Rb6 Be2 62. Rc6 Kb3 63. Rb6+ Ka3 64. Rc6 Kb4 65. Rb6+ Kc3
66. Rc6+ Bc4 67. Kb1 Kd2 68. g6 Rb4+ 69. Ka1 Kc1 0-1

[Event "2. Bundesliga Mitte 2011/12"]
[Site "Steyregg"]
[Date "2011.12.04"]
[Round "6"]
[Board "2"]
[White "Nemeth, Miklos"]
[Black "Singer, Christoph"]
[Result "1/2-1/2"]
[WhiteElo "2438"]
[BlackElo "2362"]
[PlyCount "63"]
[EventDate "2011.10.21"]
[EventType "team"]
[EventRounds "11"]
[EventCountry "AUT"]
[WhiteTeam "SV Steyregg"]
[BlackTeam "SpG. Spark. Grieskirchen/Schallerb."]

1. e4 e5 2. Nf3 Nc6 3. Bc4 Bc5 4. c3 Nf6 5. d3 d6 6. Nbd2 a6 7. h3 Ba7 8. Bb3
Be6 9. Nh2 Ne7 10. Ng4 Nxg4 11. hxg4 Qd7 12. Bxe6 fxe6 13. Nf3 O-O-O 14. Qe2
Ng6 15. Be3 Kb8 16. O-O-O Rdf8 17. Rh5 Nf4 18. Bxf4 Rxf4 19. Rdh1 g6 20. Rh6
Qg7 21. R1h2 Rf7 22. Kb1 Bb6 23. a3 Qf8 24. Qe1 Ka7 25. Ka2 Qg7 26. Qd2 Qf8 27.
Qe1 Qg7 28. Kb1 Qf8 29. R2h3 Qg7 30. Kc2 Qf8 31. Kb1 Qg7 32. Ka2 1/2-1/2

[Event "2. Bundesliga Mitte 2011/12"]
[Site "Steyregg"]
[Date "2011.12.04"]
[Round "6"]
[Board "3"]
[White "Schwabeneder, Florian"]
[Black "Webersberger, Johann"]
[Result "1/2-1/2"]
[WhiteElo "2252"]
[BlackElo "2380"]
[PlyCount "60"]
[EventDate "2011.10.21"]
[EventType "team"]
[EventRounds "11"]
[EventCountry "AUT"]
[WhiteTeam "SpG. Spark. Grieskirchen/Schallerb."]
[BlackTeam "SV Steyregg"]

1. e4 e5 2. Nf3 Nc6 3. Bc4 Bc5 4. O-O Nf6 5. d4 Bxd4 6. Nxd4 Nxd4 7. f4 d6 8.
fxe5 dxe5 9. Bg5 Be6 10. Na3 Qe7 11. c3 Nc6 12. Kh1 a6 13. Qe2 Nb8 14. Bxf6
gxf6 15. Nc2 Nd7 16. Ne3 O-O-O 17. b4 Kb8 18. a4 Nb6 19. Ba2 Rd7 20. a5 Nc8 21.
b5 axb5 22. a6 c6 23. Bxe6 fxe6 24. axb7 Rxb7 25. Qf2 Rd8 26. Ng4 Rd3 27. Nxf6
Rxc3 28. Ng4 Qc5 29. Qf6 b4 30. Nxe5 b3 1/2-1/2

[Event "2. Bundesliga Mitte 2011/12"]
[Site "Steyregg"]
[Date "2011.12.04"]
[Round "6"]
[Board "4"]
[White "Wiesinger, Robert"]
[Black "Wukits, Rene"]
[Result "1/2-1/2"]
[WhiteElo "2277"]
[BlackElo "2281"]
[PlyCount "87"]
[EventDate "2011.10.21"]
[EventType "team"]
[EventRounds "11"]
[EventCountry "AUT"]
[WhiteTeam "SV Steyregg"]
[BlackTeam "SpG. Spark. Grieskirchen/Schallerb."]

1. e4 c5 2. Nf3 d6 3. d4 cxd4 4. Nxd4 Nf6 5. Nc3 a6 6. Be2 e6 7. f4 Qc7 8. Be3
Be7 9. O-O O-O 10. Kh1 b5 11. a3 Bb7 12. Bd3 Nbd7 13. Bg1 Nc5 14. Qe2 Nxd3 15.
cxd3 Rac8 16. Rf3 Rfe8 17. Rh3 g6 18. Rf1 Bf8 19. Qe1 Bg7 20. Qg3 Kh8 21. Nf3
Nh5 22. Rxh5 gxh5 23. Qh3 f6 24. Qxh5 Rf8 25. Nd4 Qf7 26. Qh3 f5 27. exf5 exf5
28. Nce2 Rc5 29. Ng3 Rd5 30. Nge2 Rg8 31. Rf3 Rxd4 32. Nxd4 Bxf3 33. Qxf3 Rc8
34. Be3 Kg8 35. h3 Re8 36. b4 h6 37. Bf2 Rc8 38. g4 fxg4 39. hxg4 Bxd4 40. Bxd4
Re8 41. Kg2 Qe6 42. Kg3 Kf8 43. Bf2 Qb3 44. Kh4 1/2-1/2

[Event "2. Bundesliga Mitte 2011/12"]
[Site "Steyregg"]
[Date "2011.12.04"]
[Round "6"]
[Board "5"]
[White "Humer, Wolfgang"]
[Black "Enoeckl, Philipp"]
[Result "1-0"]
[WhiteElo "2244"]
[BlackElo "2292"]
[PlyCount "45"]
[EventDate "2011.10.21"]
[EventType "team"]
[EventRounds "11"]
[EventCountry "AUT"]
[WhiteTeam "SpG. Spark. Grieskirchen/Schallerb."]
[BlackTeam "SV Steyregg"]

1. e4 b6 2. Qe2 e6 3. g3 c5 4. Bg2 Nc6 5. Nf3 Nge7 6. O-O d6 7. c3 a5 8. Na3 g6
9. d4 cxd4 10. cxd4 Bg7 11. Rd1 O-O 12. Bf4 Ba6 13. Qd2 Nb4 14. Nb1 Nbc6 15.
Bh6 e5 16. Bxg7 Kxg7 17. Nc3 Qc7 18. Rac1 Qa7 19. Nd5 Rac8 20. Bh3 Nxd4 21.
Nxd4 Rxc1 22. Rxc1 Nxd5 23. Nc6 1-0

[Event "2. Bundesliga Mitte 2011/12"]
[Site "Steyregg"]
[Date "2011.12.04"]
[Round "6"]
[Board "6"]
[White "Kubinger, Thomas"]
[Black "Obermayr, Hermann"]
[Result "1/2-1/2"]
[WhiteElo "2170"]
[BlackElo "2195"]
[PlyCount "70"]
[EventDate "2011.10.21"]
[EventType "team"]
[EventRounds "11"]
[EventCountry "AUT"]
[WhiteTeam "SV Steyregg"]
[BlackTeam "SpG. Spark. Grieskirchen/Schallerb."]

1. d4 c5 2. d5 Nf6 3. c4 a6 4. a4 e5 5. Nc3 d6 6. e4 g6 7. Bd3 Bg7 8. Nge2 a5
9. O-O Qe7 10. Nb5 O-O 11. Ng3 Ne8 12. Rb1 Nd7 13. Re1 Qh4 14. h3 Bh6 15. Qf3
Bxc1 16. Rbxc1 Qf4 17. Qe3 Kh8 18. Nf1 Qh4 19. Qg3 Qe7 20. Ne3 Ng7 21. Qf3 Nb6
22. g4 Nxa4 23. Ra1 Nb6 24. Kg2 Bd7 25. Nc3 h5 26. Kf1 a4 27. Ke2 Ra5 28. Ra3
Ra6 29. Kd2 Qg5 30. Kc2 Raa8 31. Raa1 Nc8 32. Rg1 Qd8 33. Qg3 h4 34. Qf3 Qb6
35. Ra3 Qd8 1/2-1/2

[Event "2. Bundesliga Mitte 2011/12"]
[Site "Steyregg"]
[Date "2011.12.04"]
[Round "6"]
[Board "2"]
[White "Sandhoefner, Florian"]
[Black "Felsberger, Alfred"]
[Result "1/2-1/2"]
[WhiteElo "2201"]
[BlackElo "2361"]
[PlyCount "62"]
[EventDate "2011.10.21"]
[EventType "team"]
[EventRounds "11"]
[EventCountry "AUT"]
[WhiteTeam "ASK St. Valentin"]
[BlackTeam "Union Ansfelden"]

1. d4 Nf6 2. c4 e6 3. Nc3 Bb4 4. e3 b6 5. Nge2 Ba6 6. a3 Bxc3+ 7. Nxc3 d5 8.
cxd5 Bxf1 9. Kxf1 Nxd5 10. e4 Nxc3 11. bxc3 O-O 12. g3 Nc6 13. Kg2 Qd7 14. Qe2
Na5 15. Rd1 f5 16. f3 fxe4 17. fxe4 Rf7 18. Bf4 Raf8 19. Qd3 Nc6 20. Rf1 Ne7
21. Be3 Qa4 22. Rxf7 Rxf7 23. c4 Nc6 24. Rc1 Rd7 25. Qc3 Na5 26. Bf2 a6 27. d5
exd5 28. exd5 Re7 29. Qd3 Nb7 30. c5 Nxc5 31. Bxc5 bxc5 1/2-1/2

[Event "2. Bundesliga Mitte 2011/12"]
[Site "Steyregg"]
[Date "2011.12.04"]
[Round "6"]
[Board "3"]
[White "Moser, Guenter"]
[Black "Kranzl, Peter"]
[Result "1-0"]
[WhiteElo "2343"]
[BlackElo "2253"]
[PlyCount "49"]
[EventDate "2011.10.21"]
[EventType "team"]
[EventRounds "11"]
[EventCountry "AUT"]
[WhiteTeam "Union Ansfelden"]
[BlackTeam "ASK St. Valentin"]

1. c4 Nf6 2. Nc3 g6 3. e4 d6 4. d4 Bg7 5. f3 O-O 6. Be3 c6 7. Qd2 a6 8. Nge2 b5
9. g4 h5 10. gxh5 Nxh5 11. Ng3 Nxg3 12. hxg3 e5 13. dxe5 dxe5 14. Qh2 f5 15.
Bh6 Ra7 16. Rd1 Qf6 17. Bxg7 Rxg7 18. c5 f4 19. Rd6 Qg5 20. g4 Re8 21. a4 Kf7
22. axb5 axb5 23. Nxb5 cxb5 24. Bxb5 Re7 25. Qh8 1-0

[Event "2. Bundesliga Mitte 2011/12"]
[Site "Steyregg"]
[Date "2011.12.04"]
[Round "6"]
[Board "4"]
[White "Tober, Gerhard"]
[Black "Ennsberger, Ulrich"]
[Result "0-1"]
[WhiteElo "2272"]
[BlackElo "2373"]
[PlyCount "56"]
[EventDate "2011.10.21"]
[EventType "team"]
[EventRounds "11"]
[EventCountry "AUT"]
[WhiteTeam "ASK St. Valentin"]
[BlackTeam "Union Ansfelden"]

1. d4 Nf6 2. Nf3 c5 3. e3 g6 4. Be2 Bg7 5. O-O O-O 6. b3 Nc6 7. Bb2 Ne4 8. Qc1
cxd4 9. Nxd4 e5 10. Nf3 d5 11. Nbd2 Nc5 12. Rd1 Qb6 13. Rb1 a5 14. a3 Re8 15.
b4 axb4 16. axb4 Na4 17. Ba1 Bf5 18. b5 Na5 19. Nb3 Nxb3 20. Rxb3 Rac8 21. Ne1
d4 22. exd4 exd4 23. Bd3 Nc5 24. Ra3 Rxe1+ 25. Rxe1 Nxd3 26. cxd3 Rxc1 27. Rxc1
Bf6 28. Bb2 h5 0-1

[Event "2. Bundesliga Mitte 2011/12"]
[Site "Steyregg"]
[Date "2011.12.04"]
[Round "6"]
[Board "6"]
[White "Trauner, Rudolf"]
[Black "Hellmayr, Alois"]
[Result "1/2-1/2"]
[WhiteElo "2195"]
[BlackElo "2195"]
[PlyCount "61"]
[EventDate "2011.10.21"]
[EventType "team"]
[EventRounds "11"]
[EventCountry "AUT"]
[WhiteTeam "ASK St. Valentin"]
[BlackTeam "Union Ansfelden"]

1. d4 Nf6 2. c4 e6 3. Nf3 Bb4+ 4. Nbd2 b6 5. g3 Bb7 6. Bg2 O-O 7. O-O d5 8. Qc2
Nbd7 9. b3 Be7 10. Bb2 c5 11. Rad1 Rc8 12. Qb1 cxd4 13. Nxd4 Qc7 14. cxd5 Nxd5
15. Qa1 N7f6 16. Rc1 Qb8 17. Rfd1 Rxc1 18. Rxc1 Rc8 19. Bf3 Qa8 20. Nc4 Nb4 21.
a3 Bxf3 22. Nxf3 Nbd5 23. Nce5 h6 24. Nd3 Bf8 25. Nfe5 Qb7 26. b4 a6 27. Rxc8
Qxc8 28. Qc1 Qxc1+ 29. Nxc1 Bd6 30. Nb3 Kf8 31. Bd4 1/2-1/2

[Event "2. Bundesliga Mitte 2011/12"]
[Site "St.Veit/Glan"]
[Date "2012.03.02"]
[Round "7"]
[Board "1"]
[White "Babula, Vlastimil"]
[Black "Stevic, Hrvoje"]
[Result "1/2-1/2"]
[WhiteElo "2572"]
[BlackElo "2621"]
[PlyCount "65"]
[EventDate "2011.10.21"]
[EventType "team"]
[EventRounds "11"]
[EventCountry "AUT"]
[WhiteTeam "Union Ansfelden"]
[BlackTeam "ZH-Technologies-Wolfsberg"]

1. d4 d5 2. Nf3 Nf6 3. c4 dxc4 4. e3 e6 5. Bxc4 a6 6. Qe2 c5 7. dxc5 Bxc5 8.
O-O b5 9. Bb3 Bb7 10. a4 Nbd7 11. Bc2 O-O 12. Rd1 Qc7 13. axb5 axb5 14. Rxa8
Rxa8 15. Na3 b4 16. Nb5 Qb6 17. Nbd4 e5 18. Nb3 e4 19. Nfd2 Ne5 20. Nxc5 Qxc5
21. Nb3 Qc7 22. Nd4 Ba6 23. Qe1 Rb8 24. Bd2 Nfg4 25. g3 Bd3 26. Bb3 Qb6 27. Ra1
Nxh2 28. Kxh2 Qh6+ 29. Kg2 Nf3 30. Qh1 Qxh1+ 31. Kxh1 Nxd2 32. Bd5 Bc4 33. Nc6
1/2-1/2

[Event "2. Bundesliga Mitte 2011/12"]
[Site "St.Veit/Glan"]
[Date "2012.03.02"]
[Round "7"]
[Board "4"]
[White "Steflitsch, Erich"]
[Black "Moser, Guenter"]
[Result "1/2-1/2"]
[WhiteElo "2369"]
[BlackElo "2343"]
[PlyCount "59"]
[EventDate "2011.10.21"]
[EventType "team"]
[EventRounds "11"]
[EventCountry "AUT"]
[WhiteTeam "ZH-Technologies-Wolfsberg"]
[BlackTeam "Union Ansfelden"]

1. d4 d5 2. c4 e6 3. Nc3 Nf6 4. cxd5 exd5 5. Bg5 c6 6. e3 Be7 7. Bd3 Bg4 8. Qc2
h6 9. Bxf6 Bxf6 10. h3 Be6 11. Nge2 Qe7 12. O-O O-O 13. Rfc1 Nd7 14. Nf4 Rac8
15. Bh7+ Kh8 16. Bf5 Bxf5 17. Qxf5 Rcd8 18. Na4 g6 19. Qc2 Kg7 20. Nd3 Rfe8 21.
Nac5 Nb6 22. Nb3 Rb8 23. a4 a6 24. Nd2 Nc8 25. Nf3 Rd8 26. b3 Qe8 27. Nde5 Be7
28. Nd3 Nd6 29. Nc5 Bf8 30. Re1 1/2-1/2

[Event "2. Bundesliga Mitte 2011/12"]
[Site "St.Veit/Glan"]
[Date "2012.03.02"]
[Round "7"]
[Board "6"]
[White "Waldmann, Gerald"]
[Black "Knoll, Hermann"]
[Result "0-1"]
[WhiteElo "2208"]
[BlackElo "2364"]
[PlyCount "64"]
[EventDate "2011.10.21"]
[EventType "team"]
[EventRounds "11"]
[EventCountry "AUT"]
[WhiteTeam "ZH-Technologies-Wolfsberg"]
[BlackTeam "Union Ansfelden"]

1. e4 c5 2. Nf3 d6 3. d4 cxd4 4. Nxd4 Nf6 5. Nc3 a6 6. f4 e5 7. Nf3 Nbd7 8. Bc4
Be7 9. f5 O-O 10. Qe2 b5 11. Bb3 Bb7 12. Bg5 Rc8 13. O-O Rxc3 14. bxc3 Nxe4 15.
Bxe7 Qxe7 16. Qe1 d5 17. a4 Ndf6 18. axb5 axb5 19. Qe3 Qc7 20. h3 Re8 21. Ra7
Ng3 22. Rfa1 Nxf5 23. Qg5 Qb6+ 24. Kh1 Ne4 25. Qc1 h6 26. Kh2 Nxc3 27. Nxe5
Rxe5 28. Qf4 f6 29. Qg4 Kh7 30. h4 Qc7 31. Kh1 Ne4 32. Bxd5 Nf2+ 0-1

[Event "2. Bundesliga Mitte 2011/12"]
[Site "St.Veit/Glan"]
[Date "2012.03.02"]
[Round "7"]
[Board "1"]
[White "Haba, Petr"]
[Black "Hartl, Daniel"]
[Result "1/2-1/2"]
[WhiteElo "2502"]
[BlackElo "2272"]
[PlyCount "73"]
[EventDate "2011.10.21"]
[EventType "team"]
[EventRounds "11"]
[EventCountry "AUT"]
[WhiteTeam "SpG. Spark. Grieskirchen/Schallerb."]
[BlackTeam "SK MPOE Maria Saal"]

1. d4 {[%emt 0:00:00]} d5 {[%emt 0:00:00]} 2. c4 c6 3. Nf3 Nf6 4. Nc3 dxc4 5.
a4 Bf5 6. Ne5 Nbd7 7. Nxc4 Nb6 8. Ne5 a5 9. f3 Nfd7 10. Nxd7 Nxd7 11. e4 Bg6
12. Be3 e6 13. Bc4 Bb4 14. O-O O-O 15. Qb3 e5 16. dxe5 Nxe5 17. Be2 Nd7 18. Kh1
Qe7 19. Rfd1 Rfd8 20. Na2 Bc5 21. Bf4 Nf8 22. Bc4 Rxd1+ 23. Rxd1 Rd8 24. Nc1
Rxd1+ 25. Qxd1 Nd7 26. Nd3 Bd6 27. Qd2 b6 28. Qe3 Kf8 29. Qd4 Bxf4 30. Nxf4 Nc5
31. b3 f6 32. Nxg6+ hxg6 33. h4 Qd7 34. Qe3 Qd1+ 35. Kh2 Qd6+ 36. f4 g5 37.
hxg5 1/2-1/2

[Event "2. Bundesliga Mitte 2011/12"]
[Site "St.Veit/Glan"]
[Date "2012.03.02"]
[Round "7"]
[Board "2"]
[White "Ertl, Johann"]
[Black "Kilgus, Georg"]
[Result "1/2-1/2"]
[WhiteElo "2274"]
[BlackElo "2427"]
[PlyCount "82"]
[EventDate "2011.10.21"]
[EventType "team"]
[EventRounds "11"]
[EventCountry "AUT"]
[WhiteTeam "SK MPOE Maria Saal"]
[BlackTeam "SpG. Spark. Grieskirchen/Schallerb."]

1. e4 e6 2. d4 d5 3. Nd2 c5 4. Ngf3 cxd4 5. exd5 Qxd5 6. Bc4 Qd6 7. O-O Nf6 8.
Nb3 Nc6 9. Nbxd4 Nxd4 10. Qxd4 Qxd4 11. Nxd4 Bd7 12. Bf4 Rc8 13. Bb3 Bc5 14.
Rad1 O-O 15. c3 Rfd8 16. Rfe1 b5 17. a3 a5 18. h3 Be8 19. Nf3 Rxd1 20. Rxd1 Bc6
21. Ne5 Bd5 22. Bxd5 Nxd5 23. Bc1 f6 24. Nd3 Bd6 25. Kf1 Kf7 26. Ke2 g5 27. f3
h5 28. Bd2 Rc4 29. Rc1 Rc8 30. Nf2 Nb6 31. Rd1 Be7 32. Be1 Nd5 33. Bd2 Kg6 34.
Rc1 Nb6 35. Rd1 f5 36. Nd3 Bd6 37. Ra1 Nc4 38. a4 Rb8 39. b4 axb4 40. cxb4 bxa4
41. Rxa4 Rb5 1/2-1/2

[Event "2. Bundesliga Mitte 2011/12"]
[Site "St.Veit/Glan"]
[Date "2012.03.02"]
[Round "7"]
[Board "3"]
[White "Singer, Christoph"]
[Black "Reschun, Sascha"]
[Result "1/2-1/2"]
[WhiteElo "2362"]
[BlackElo "2244"]
[PlyCount "47"]
[EventDate "2011.10.21"]
[EventType "team"]
[EventRounds "11"]
[EventCountry "AUT"]
[WhiteTeam "SpG. Spark. Grieskirchen/Schallerb."]
[BlackTeam "SK MPOE Maria Saal"]

1. e4 e6 2. d4 d5 3. Nd2 Nf6 4. e5 Ne4 5. Nxe4 dxe4 6. Be3 c5 7. dxc5 Nd7 8.
Qg4 Nxc5 9. Bxc5 Bxc5 10. Qxg7 Qa5+ 11. c3 Rf8 12. Qxh7 Bd7 13. Qxe4 Qb6 14.
O-O-O O-O-O 15. Qc4 Bc6 16. Rxd8+ Rxd8 17. Nf3 Bxf2 18. Be2 Qe3+ 19. Kb1 Kb8
20. Bd1 Bd5 21. Qa4 Bc6 22. Qc4 Bd5 23. Qa4 Bc6 24. Qc4 1/2-1/2

[Event "2. Bundesliga Mitte 2011/12"]
[Site "St.Veit/Glan"]
[Date "2012.03.02"]
[Round "7"]
[Board "4"]
[White "Steiner, Josef"]
[Black "Schwabeneder, Florian"]
[Result "1/2-1/2"]
[WhiteElo "2116"]
[BlackElo "2252"]
[PlyCount "80"]
[EventDate "2011.10.21"]
[EventType "team"]
[EventRounds "11"]
[EventCountry "AUT"]
[WhiteTeam "SK MPOE Maria Saal"]
[BlackTeam "SpG. Spark. Grieskirchen/Schallerb."]

1. f4 Nf6 2. Nf3 d5 3. e3 Bg4 4. h3 Bxf3 5. Qxf3 Nbd7 6. b3 e5 7. fxe5 Nxe5 8.
Qf5 Bd6 9. Bb2 g6 10. Qg5 Ne4 11. Qxd8+ Rxd8 12. Nc3 Ng3 13. Rg1 c6 14. Kf2
Nxf1 15. Raxf1 O-O 16. d4 Nd7 17. e4 Bb4 18. exd5 Bxc3 19. Bxc3 cxd5 20. Bb4
Rfe8 21. Re1 f5 22. Rxe8+ Rxe8 23. Re1 Rxe1 24. Bxe1 Kf7 25. Ke3 Ke6 26. Bh4 h6
27. Bd8 Nb8 28. g4 fxg4 29. hxg4 Nc6 30. Bh4 b5 31. a3 Nb8 32. Bg3 Nd7 33. Bf4
h5 34. Kf3 a6 35. Bg5 Nf6 36. gxh5 Nxh5 37. Kg4 Nf6+ 38. Kf4 Nh5+ 39. Kg4 Nf6+
40. Kf4 Nh5+ 1/2-1/2

[Event "2. Bundesliga Mitte 2011/12"]
[Site "St.Veit/Glan"]
[Date "2012.03.02"]
[Round "7"]
[Board "5"]
[White "Obermayr, Hermann"]
[Black "Ramusch, Arnulf"]
[Result "0-1"]
[WhiteElo "2195"]
[BlackElo "1999"]
[PlyCount "110"]
[EventDate "2011.10.21"]
[EventType "team"]
[EventRounds "11"]
[EventCountry "AUT"]
[WhiteTeam "SpG. Spark. Grieskirchen/Schallerb."]
[BlackTeam "SK MPOE Maria Saal"]

1. d4 Nf6 2. c4 e6 3. a3 b6 4. Nc3 Bb7 5. d5 a5 6. e4 e5 7. Nf3 d6 8. Be2 Be7
9. h3 Nbd7 10. Be3 O-O 11. Qc2 Nc5 12. O-O Bc8 13. b4 axb4 14. axb4 Rxa1 15.
Rxa1 Na6 16. Qb3 Nb8 17. c5 dxc5 18. bxc5 Nbd7 19. cxb6 cxb6 20. Nd2 Nc5 21.
Qb1 Nfd7 22. Nc4 Bg5 23. Bxg5 Qxg5 24. Nxb6 Nxb6 25. Qxb6 Bxh3 26. Bf1 Nd7 27.
Qc6 Nf6 28. Ra8 g6 29. Rxf8+ Kxf8 30. Qc4 Bd7 31. Qd3 h5 32. Be2 h4 33. Qe3
Qxe3 34. fxe3 g5 35. Kf2 g4 36. g3 h3 37. Bd3 Ke7 38. Nb1 Kd6 39. Nd2 Kc5 40.
Nf1 Bb5 41. Bc2 Kb4 42. Ke1 Kc3 43. Bd1 Bd7 44. Be2 Nxe4 45. Ba6 f5 46. Ke2 Kb4
47. Ke1 Kc5 48. Bb7 Kb6 49. Ba8 Ka7 50. Bc6 Bxc6 51. dxc6 Kb6 52. c7 Kxc7 53.
Ke2 Kd6 54. Kd3 Kd5 55. Ke2 Kc4 0-1

[Event "2. Bundesliga Mitte 2011/12"]
[Site "St.Veit/Glan"]
[Date "2012.03.02"]
[Round "7"]
[Board "6"]
[White "Stadler, Bruno"]
[Black "Schwabeneder, Alois"]
[Result "0-1"]
[WhiteElo "1855"]
[BlackElo "2066"]
[PlyCount "118"]
[EventDate "2011.10.21"]
[EventType "team"]
[EventRounds "11"]
[EventCountry "AUT"]
[WhiteTeam "SK MPOE Maria Saal"]
[BlackTeam "SpG. Spark. Grieskirchen/Schallerb."]

1. b3 d5 2. Bb2 c5 3. e3 Nc6 4. Bb5 Nf6 5. f4 e6 6. Nf3 Be7 7. O-O O-O 8. Bxc6
bxc6 9. Ne5 Qb6 10. c4 a5 11. Nc3 a4 12. Qc2 axb3 13. axb3 Rb8 14. Ra3 Rd8 15.
Rfa1 Bd7 16. Na4 Qc7 17. Nxd7 Nxd7 18. Nc3 Rb7 19. Ra8 Rdb8 20. R1a3 Bf8 21.
Rxb8 Qxb8 22. Na4 Bd6 23. g3 h5 24. Kg2 h4 25. Qd1 hxg3 26. hxg3 dxc4 27. Qf3
cxb3 28. Qxc6 Nf6 29. Nc3 Rb6 30. Qf3 Qb7 31. Ra8+ Kh7 32. Na4 Qxf3+ 33. Kxf3
Rb5 34. d3 Nd5 35. Ra6 Be7 36. e4 Nb4 37. Ra7 Bf6 38. Ke3 Bxb2 39. Nxb2 Kg6 40.
g4 Nc2+ 41. Kd2 Nd4 42. f5+ exf5 43. gxf5+ Kf6 44. Ra6+ Kg5 45. Ra7 Nf3+ 46.
Kc3 Ne5 47. Re7 Kf4 48. Rc7 g5 49. fxg6 fxg6 50. Rg7 g5 51. d4 cxd4+ 52. Kxd4
g4 53. Rg8 g3 54. Rf8+ Kg4 55. Rg8+ Kh3 56. Rh8+ Kg2 57. Nd1 Nf3+ 58. Ke3 b2
59. Nxb2 Rxb2 0-1